000 00847nmm a2200301 a 4500
003 AR-BaBNM
005 20251128203946.0
008 011101s1991 ||||||||||||||000 | spa||
020 _a84-7509-709-X
040 _cAR-BaBNM
100 1 _aLamour, Henri
245 1 0 _aManual para la enseñanza de la educación física y deportiva
260 _aBarcelona
_bPaidós
_c1991
300 _a331 p.
_btablas, gráfs., il.
504 _aContiene bibliografía al final de cada capítulo
650 4 _aEDUCACION FISICA
650 4 _aMATERIAS DEL CURRICULO
650 4 _aDEPORTE
650 4 _aEQUIPO DEPORTIVO
650 4 _aGRUPOS DE JUEGO
650 4 _aHISTORIA
650 4 _aMUSICA
653 _aEDUCACION PARA LA SALUD
653 _aEXPRESION CORPORAL
700 1 _aDelos, José Federico
_etraductor
942 _cBK
998 _cHector
999 _c5619
_d5619